01459cam a22003617a 4500003000500000005001700005008004100022010001000063011001000073035001000083040000900093082002000102100003100122245009900153250001000252260003700262300001100299590004100310590004100351590004100392590004200433650004100475650003800516650004800554700003100602901000700633942001000640949007000650949007500720999001700795952014000812952014500952CHAP20220329141628.0971013s1972 r 00010 d a71291 a72263 a81817 cCHAP a311.2bD38 197200aDavies, Owen Lewis.931221 0aStatistical methods in resarch and production, with special reference to the chemical industry a4 ed. aLondon :bOliver and Boyd,c1972 a478 p. aBATCH-UPDb10c20130110lUCH01h0442 aBATCH-UPDb10c20130410lUCH01h0118 aBATCH-UPDb10c20130914lUCH01h1137 aCONVERSIONb10c20130109lUCH01h133914aEstadísticaxMetodología.93825314aIndustriaxEstadísticas.95770414aQuímicaxMétodos estadísticos.9935690 aGoldsmith, Peter L.948571 aBK cLIBRO a311.2 D38 1972bBCcLIBROd33724000304622eLIBROh28320i81817si a311.2 D38 1972bBCcLIBROd33724002037842eLIBROfc.2h31180i81817si c71291d71291 00102ddc4052708GRALaBCbBCcPA_GRALd2019-12-31fLIBROl0o311.2 D38 1972p33724000304622r2019-12-31 00:00:00w2019-12-31yLIBRO 00102ddc4052708GRALaBCbBCcPA_GRALd2019-12-31fLIBROl0o311.2 D38 1972p33724002037842r2019-12-31 00:00:00tc.2w2019-12-31yLIBRO